000 00312nam a22001337a 4500
008 190305b xxu||||| |||| 00| 0 eng d
020 _a9780393935813
041 _aeng
080 _a371
100 _a25
101 _aEDU
245 _aThe Little Seagull Handbook with exercises
_cBullock, R
942 _2udc
_cBK
999 _c54537
_d54537